000 00945nas a2200301 4500
001 BR2011005465
003 BR-BrBNA
005 20231205115617.0
007 ta
008 230509b bl.|||p| |||| 00| 00por d
040 _aBR-BrBNA
_bpor
_cBiblioteca Nacional de Agricultura
041 _a(Pt)
072 _aH20
100 1 _aSalgado, M.
100 1 _aPozza, E.A.
100 1 _aLima, L.M. de
100 1 _aPereira, R.T.G.
100 1 _aPfenning, L.H.
245 1 _aEscala diagramática para avaliação da severidade da mancha de Phoma do cafeeiro
246 1 _aDiagrammatic scale to evaluate severity of phoma leaf blight of coffe trees
650 _aCAFÉ
650 _aFUNGO
650 _aEPIDEMIOLOGIA
650 _aDOENÇA DE PLANTA
773 0 _tTropical Plant Pathology (Brazil)
_xISSN 1982-5676
_g(Nov-Dec 2009), v. 34(6) p. 422-427
_wBR2011005465
909 _a202311
_bLúcia
_c55
_dLúcia Elande
942 _2AGRIS
_n0
_cANA
999 _c214778
_d214778